000 00610nam a22001697a 4500
005 20251108165549.0
008 250721s9999 xx 000 0 ara d
082 1 4 _aط/610.73/عبد
100 1 _aيوسف، عبد التواب
245 1 0 _aرفيدة بنت سعيد تقابل فلورنس نيتنجل في علم التمريض /
264 1 _aالقاهره :
_bالدار المصريه اللبنانيه،
_c[19-].
300 _a16ص
490 0 _aاللقاء الفريد بين علماء العرب و علماء الغرب
650 1 7 _aالتمريض
942 _2ddc
_cBK
999 _c30889
_d30889